000 02093cam a22005054a 4500
001 muse82407
003 MdBmJHUP
005 20210127151501.0
006 m o d
007 cr||||||||nn|n
008 191230t20191969mdu o 00 0 eng d
020 _a9781421436968
020 _z1421436949
020 _z9781421436944
020 _z9781421436951
020 _z1421436957
020 _z1421436965
035 _a(OCoLC)1137755682
040 _aMdBmJHUP
_cMdBmJHUP
050 4 _aBD331
_b.H315 1969
100 1 _aHammond, Albert L.
_q(Albert Lanphier),
_d1892-1970.,
_eauthor
245 1 0 _aIdeas about Substance
_c[by] Albert L. Hammond.
300 _a1 online resource (1 online resource xiv, 146 pages.)
490 0 _aSeminars in the history of ideas
500 _aThe text of this book is licensed under a Creative Commons Attribution-NonCommercial-No Derivatives 4.0 International License
500 _aOpen access edition supported by the National Endowment for the Humanities / Andrew W. Mellon Foundation Humanities Open Book Program.
500 _aOriginally published as Johns Hopkins Press in 1969
504 _aIncludes bibliographical references and index.
506 0 _aOpen Access
_fUnrestricted online access
_2star
588 0 _aDescription based on print version record.
650 0 _aSubstance (Philosophy)
_2fast
_0(OCoLC)fst01136762
650 0 _aIdea (Philosophy)
_2fast
_0(OCoLC)fst00966826
650 0 _aIdea (Philosophy)
650 0 _aSubstance (Philosophy)
655 0 _aElectronic books.
_2lcgft
655 7 _aElectronic books.
_2local
710 2 _aProject Muse.
776 1 8 _iPrint version:
_tIdeas about substance.
_dBaltimore, Johns Hopkins Press [1969]
_w(DLC) 69013537
_w(OCoLC)12027
710 2 _aProject Muse.
_edistributor
830 0 _aBook collections on Project MUSE.
856 4 0 _zFull text available:
_uhttps://muse.jhu.edu/book/72710/
999 _c25914
_d25914